Quiz Cultura Generale - Quiz n°112 - Statistics

Statistiche generali
  • Questo quiz è stato fatto 99 volte
  • Il punteggio medio è 9 su 14
Statistiche sulle risposte
Domanda Risposta % Corretto
In quale libro compaiono l'orso Baloo e la pantera nera Bagheera? Il libro della giungla
100%
Dopo quanti anni si festeggiano le nozze d'argento? 25
98%
Quanti vangeli sono presenti nella Bibbia? 4
98%
A quale classe di animali appartiene il cobra? Rettili
86%
Quanti sono i divisori dei numeri primi? 2
78%
Qual è la sesta preposizione semplice? Su
77%
Quale città si contrappose a Roma nelle Guerre Puniche? Cartagine
67%
In quale bandiera africana compara una stella di colore bianco su sfondo azzurro? Somalia
64%
Qual è il vero nome del Colosseo? Anfiteatro Flavio
63%
Chi ha vinto più campionati italiani di basket? Olimpia Milano
58%
Quale catena montuosa ha come cima più elevata l'Aconcagua? Ande
52%
Da quale opera lirica è tratta "Nessun dorma"? Turandot
27%
Quale Repubblica cessò di esistere nel 1797? Repubblica di Venezia
25%
Chi disse "Il potere logora chi non ce l'ha"? Giulio Andreotti
20%
Nessun quiz corrispondente trovato
Distribuzione punteggi
Percentuale di utenti per punteggio
Percentile per numero di risposta
I tuoi punteggi nel tempo
Non hai fatto questo quiz